Diccionario de Psicología / (Record no. 134076)

MARC details
000 -LEADER
campo de control de longitud fija 00642nam a2200193 i 4500
001 - NÚMERO DE CONTROL
campo de control 134076
003 - IDENTIFICADOR DE NÚMERO DE CONTROL
campo de control ES-MaACL
007 - CAMPO FIJO DE DESCRIPCIÓN FÍSICA--INFORMACIÓN GENERAL
campo de control de longitud fija t|
008 - DATOS DE LONGITUD FIJA--INFORMACIÓN GENERAL
campo de control de longitud fija 031008s1948 mx ||||1| spa d
245 00 - MENCIÓN DEL TÍTULO
Título Diccionario de Psicología /
Mención de responsabilidad, etc. Howard C. Warren, editor ; traducción y revisión de E. Imaz, A. Alatorre, L. Alaminos.
250 ## - MENCION DE EDICION
Mención de edición 1ª ed. en español.
260 ## - PUBLICACIÓN, DISTRIBUCIÓN, ETC.
Lugar de publicación, distribución, etc. México :
Nombre del editor, distribuidor, etc. Fondo de Cultura Económica,
Fecha de publicación, distribución, etc. 1948.
300 ## - DESCRIPCIÓN FÍSICA
Extensión XVI,383 p. ;
Dimensiones 24 cm.
700 1# - ENTRADA AGREGADA--NOMBRE PERSONAL
Nombre de persona Warren, Howard C.
9 (RLIN) 116124
700 1# - ENTRADA AGREGADA--NOMBRE PERSONAL
Nombre de persona Imaz, Eugenio.
9 (RLIN) 65203
700 1# - ENTRADA AGREGADA--NOMBRE PERSONAL
Nombre de persona Alatorre, Antonio.
9 (RLIN) 19169
700 1# - ENTRADA AGREGADA--NOMBRE PERSONAL
Nombre de persona Alaminos, L.
9 (RLIN) 19104
852 ## - LOCALIZACIÓN
Ubicación ES-MaACL
Número de control de estantería B-2192
Sublocalización o colección R.26961
Holdings
Estatus retirado Estado de pérdida Estado de daño No para préstamo Colección Biblioteca de origen Biblioteca actual Ubicación en estantería Fecha de adquisición Fuente de adquisición Total de préstamos Signatura topográfica completa Código de barras Visto por última vez Precio de reemplazo Tipo de ítem Koha
        Colección de referencia Biblioteca del Ateneo de Madrid Biblioteca del Ateneo de Madrid Sala Pardo Bazán 17/01/2008     B-2192 1139566 23/02/2023 23/02/2023 Libro impreso